Tâm sự tướng lưu vong Việt Nam máu lửa quê hương tôi
Tập hồi kí ghi lại những gương mặt lịch sử Việt Nam hiện đại, đồng thời suy gẫm về thế thịnh suy của một đời người, của một dân tộc, của một chế độ
Đã lưu trong:
| 主要作者: | |
|---|---|
| 格式: | 圖書 |
| 語言: | Undetermined |
| 出版: |
Hà Nội
Công an nhân dân
1998
|
| 主題: | |
| 標簽: |
添加標簽
沒有標簽, 成為第一個標記此記錄!
|
| Thư viện lưu trữ: | Trung tâm Học liệu Trường Đại học Cần Thơ |
|---|
| LEADER | 00847nam a2200193Ia 4500 | ||
|---|---|---|---|
| 001 | CTU_27737 | ||
| 008 | 210402s9999 xx 000 0 und d | ||
| 082 | |a 959.704 | ||
| 082 | |b M125 | ||
| 100 | |a Đỗ Mậu | ||
| 245 | 0 | |a Tâm sự tướng lưu vong | |
| 245 | 0 | |b Việt Nam máu lửa quê hương tôi | |
| 245 | 0 | |c Đỗ Mậu, Hoành Linh | |
| 260 | |a Hà Nội | ||
| 260 | |b Công an nhân dân | ||
| 260 | |c 1998 | ||
| 520 | |a Tập hồi kí ghi lại những gương mặt lịch sử Việt Nam hiện đại, đồng thời suy gẫm về thế thịnh suy của một đời người, của một dân tộc, của một chế độ | ||
| 650 | |a vietnam - history - 20th century - literature | ||
| 980 | |a Trung tâm Học liệu Trường Đại học Cần Thơ | ||